Günün ötesi/ (Record no. 9455)
| 000 -BAŞLIK | |
|---|---|
| Sabit Uzunluktaki Kontrol Alanı | 01790nam a22003497a 4500 |
| 001 - KONTROL NUMARASI | |
| Control Dosyası | 0009483 |
| 003 - KONTROL NUMARASI KİMLİĞİ | |
| Kontrol Alanı | KOHA_MİRAKIL |
| 005 - EN SON İŞLEM TARİHİ ve ZAMANI | |
| Kontrol Alanı | 20260207001711.0 |
| 007 - FİZİKSEL TANIM SABİT ALAN - GENEL BİLGİ | |
| Sabit uzunluklu kontrol alanı | ta |
| 008 - SABİT UZUNLUKTAKİ VERİ ÖGELERİ - GENEL BİLGİ | |
| Sabit Alan | 091020b2003 tu |||gr||||#0|||e|tur | |
| 020 ## - ISBN - ULUSLARARASI STANDART KİTAP NUMARASI | |
| Isbn | 9754374333 |
| 040 ## - KATALOGLAMA KAYNAĞI | |
| Özgün Kataloglama Kurumu | TR-BiSEU |
| Kataloglama Dili | tur |
| Çeviri Kurumu | TR-BiSEU |
| Açıklama Kuralları | rda |
| 041 0# - DİL KODU | |
| Metin ya da ses kaydının dil kodu | tur |
| 044 ## - YAYINLAYAN/ÜRETEN KURULUŞUN ÜLKE KODU | |
| ISO country code | tu |
| 050 ## - SINIFLAMA ve YER NUMARASI | |
| Sınıflama Numarası | PL243.C65 |
| Yer Numarası | G86 2003 |
| 100 1# - KİŞİ ADI | |
| Yazar Adı (Kişi adı) | Çolak, Ali. |
| 245 1# - ESER ADI BİLDİRİMİ | |
| Başlık | Günün ötesi/ |
| Sorumluluk Bildirimi | Ali Çolak ; Ali Çolak. |
| 264 #1 - ÜRERİM, YAYIN, DAĞITIM ve TELİF BİLDİRİMİ | |
| Yayın yeri | İstanbul : |
| Yayınlayan | Ötüken |
| Yayın tarihi | 2003 |
| 300 ## - FİZİKSEL TANIMLAMA | |
| Sayfa, Cilt vb. | 124 sayfa |
| 336 ## - İÇERİK TÜRÜ | |
| Content type term | metin |
| Content type code | txt |
| Source | rdacontent |
| 337 ## - MEDYA TÜRÜ | |
| Media type term | aracısız |
| Media type code | n |
| Source | rdamedia |
| 338 ## - TAŞIYICI TÜRÜ | |
| Carrier type term | cilt |
| Carrier type code | nc |
| Source | rdacarrier |
| 490 1# - DİZİ BİLDİRİMİ | |
| Dizi Bildirimi | Ötüken Yayın ; |
| Cilt Numarası | No.542. |
| 490 1# - DİZİ BİLDİRİMİ | |
| Dizi Bildirimi | Edebi Eserler ; |
| Cilt Numarası | 250. |
| 505 ## - İÇİNDEKİLER NOTU | |
| İçindekiler Notu | "Gece bitiyor ve serin bir yaz şafağı söküyor usulca. Birazdan, sihirli bir el değmiş gibi birden uyanacak şehir. Yeniden başlamanın sevinci alıp yürüyecek. Taze bir günün ilk ışıklarıyla dirilecek her şey. İlk kuşlar yuvalarını terk edecek, ilk çocuk ağlayacak, ilk pencere açılacak, ilk ezanlar okunacak, ilk sigara yakılacak, bir fırının tezgâhına ilk ekmekler düşecek. Yaşadığımız günler kasvetli, boğucu... Bugün'ün içinde kararıp kalmak istemiyorsak, yeniden başlamanın müziğine kulak vermeliyiz her sabah. Yarını, doğacak günün ilk ışıklarını hayal etmeliyiz. Hayal kurmayı unuttuk mu, yaşamın anlamsızlığı gelir, kuşatır her yanımızı. Oysa umutlar, gün ışıklarını bekleyen salkımlar gibi bekliyor bizi. Günün Ötesi aydınlık ve görkemli bir maviliktir... |
| 650 #0 - KONU BAŞLIĞI EK GİRİŞ - KONU TERİMİ | |
| Konusal terim veya coğrafi ad | Türk Denemeleri. |
| 9 (RLIN) | 23483 |
| 650 #0 - KONU BAŞLIĞI EK GİRİŞ - KONU TERİMİ | |
| Konusal terim veya coğrafi ad | Turkish essays. |
| 9 (RLIN) | 6266 |
| 830 1# - SERİ EK GİRİŞİ - TEKBİÇİM ESER ADI | |
| Tekbiçim Başlık | Ötüken Yayın ; |
| Volume number/sequential designation | No.542. |
| 9 (RLIN) | 23484 |
| 830 1# - SERİ EK GİRİŞİ - TEKBİÇİM ESER ADI | |
| Tekbiçim Başlık | Edebi Eserler ; |
| Volume number/sequential designation | 250. |
| 9 (RLIN) | 15677 |
| 907 ## - LOCAL DATA ELEMENT G, LDG (RLIN) | |
| a | Deneme |
| 942 ## - EK GİRİŞ ÖGELERİ (KOHA) | |
| Source of classification or shelving scheme | Library of Congress Classification |
| Koha item type | Book |
| Materyal Türü | Kalıcı Konum | Mevcut Konum | Raf Yeri | Sınıflandırma Kaynağı | Edinim Bilgisi | Ana Konular | Alt Konular | Yer Numarası | Demirbaş Numarası | Fatura Tarihi | Maliyet, Alış Fiyatı | Maliyet, Yenileme Fiyatı | Geri Çekilme Durumu | Kayıp Durumu | Hasarlı Durumu | Kredi için değil | Kayıt Tarih | Toplam Ödünçverme | Son Görülme Tarihi | Son Kontrol Tarihi | Genel / Bağış Notu |
|---|---|---|---|---|---|---|---|---|---|---|---|---|---|---|---|---|---|---|---|---|---|
| Book | Prof. Dr. Azmi Özcan Kütüphanesi | Prof. Dr. Azmi Özcan Kütüphanesi | Birûni Salonu | Library of Congress Classification | Bağış | DİL VE EDEBİYAT | Doğu Asya, Afrika, Okyanusya Dilleri ve Edebiyatları | PL243.C65 G86 2003 | 0009483 | 13/08/2010 | 8.00 | 8.00 | 20/10/2009 | 5 | 05/12/2024 | 05/12/2024 | Ötüken Yayınevi |
